| 000 | 01188nac a22002171u 4500 | ||
|---|---|---|---|
| 008 | 091209t2005 enk||||| |||| 001 0 eng d | ||
| 020 | _a0131292935 | ||
| 082 | 0 | 0 |
_a620.106 _bFLU _222 |
| 245 | 1 | 0 |
_aFluid Mechanics / _cJohn F. Douglas, Janusz M. Gasiorek, John A. Swaffield. |
| 250 | _a5th ed. | ||
| 260 |
_aHarlow, England : _bPearson, _c2005 |
||
| 300 |
_axxix, 958 p. : _bill. ; _c25 cm. |
||
| 504 | _aIncludes bibliographical references and index | ||
| 650 | 0 |
_aFluid mechanics. _99800 |
|
| 700 | 1 |
_aGasiorek, J. M. _q(Janusz Maria), _d1927- _99801 |
|
| 700 | 1 |
_aSwaffield, J. A., _d1943- _99802 |
|
| 942 |
_cBB _k620.106 FLU _2ddc |
||
| 999 |
_c13014 _d13014 |
||